<?xml version="1.0" encoding="UTF-8"?><?xml-stylesheet type="text/xsl" href="static/style.xsl"?><OAI-PMH xmlns="http://www.openarchives.org/OAI/2.0/" xmlns:xsi="http://www.w3.org/2001/XMLSchema-instance" xsi:schemaLocation="http://www.openarchives.org/OAI/2.0/ http://www.openarchives.org/OAI/2.0/OAI-PMH.xsd"><responseDate>2026-04-14T02:46:36Z</responseDate><request verb="GetRecord" identifier="oai:www.recercat.cat:2117/359186" metadataPrefix="marc">https://recercat.cat/oai/request</request><GetRecord><record><header><identifier>oai:recercat.cat:2117/359186</identifier><datestamp>2026-01-30T09:07:39Z</datestamp><setSpec>com_2072_1033</setSpec><setSpec>col_2072_452950</setSpec></header><metadata><record xmlns="http://www.loc.gov/MARC21/slim" xmlns:dcterms="http://purl.org/dc/terms/" xmlns:xsi="http://www.w3.org/2001/XMLSchema-instance" xmlns:doc="http://www.lyncode.com/xoai" xsi:schemaLocation="http://www.loc.gov/MARC21/slim http://www.loc.gov/standards/marcxml/schema/MARC21slim.xsd">
   <leader>00925njm 22002777a 4500</leader>
   <datafield ind2=" " ind1=" " tag="042">
      <subfield code="a">dc</subfield>
   </datafield>
   <datafield ind2=" " ind1=" " tag="720">
      <subfield code="a">Medina Tapia, Marcos</subfield>
      <subfield code="e">author</subfield>
   </datafield>
   <datafield ind2=" " ind1=" " tag="720">
      <subfield code="a">Robusté Antón, Francesc</subfield>
      <subfield code="e">author</subfield>
   </datafield>
   <datafield ind2=" " ind1=" " tag="720">
      <subfield code="a">Estrada Romeu, Miguel Ángel</subfield>
      <subfield code="e">author</subfield>
   </datafield>
   <datafield ind2=" " ind1=" " tag="260">
      <subfield code="c">2021</subfield>
   </datafield>
   <datafield ind2=" " ind1=" " tag="520">
      <subfield code="a">Santiago, the capital city of Chile, has seven million inhabitants in an area of 850 km2. This city has a metro network with seven lines extending 140 kilometers and transports approximately 2.6 million people daily. The bus system has undergone significant transformations over the last three decades. The most relevant change having been Transantiago, the public transportation system implemented in 2007 for Santiago, Child, which combines the use of Metro and buses (BRT). Metropolitan Mobility Network (called Red) is the latest version of the public transportation plan. This paper aims to analyze the current subway infrastructure using the continuous approximation method for Santiago, Chile. We previously proposed a macroscopic methodology to identify the needs for an adequate level of service in urban mobility and transportation, and we applied it to Santiago’s Metro network. Our work focuses on functionality and demand distribution. Santiago’s demand varies spatially in volume and extension throughout the city. Using the latest origin-destination survey from 2012, we deduct the critical components in this current network structure. It is worth mentioning that the Metro design bases its network on a ring-radial structure. With our macroscopic model applied to Santiago, Chile, we have detected infrastructure needs in the current transit network. The supply of infrastructure should increase for two reasons: first, to achieve balanced cost levels between users and the agency and second, to reduce subway occupations. The optimal model outcomes for Santiago define the optimal network in which the system requires five rings and ten end-to-end longitudinal lines (20 radial routes), including lower levels of occupation. The obtained results are a good preliminary solution, considering the subway infrastructure supply could be sub-estimated in the public transportation plan.</subfield>
   </datafield>
   <datafield ind2=" " ind1=" " tag="520">
      <subfield code="a">The authors had support from the Barcelona Innovative Transportation (BIT) Research Group. Moreover, the first author's work was supported by Chile's National Agency for Research and Development (ANID) / Becas-Chile Doctoral Scholarship Program No. 72160291. The first author had support from the Project 092112MT of the DICYT of the University of Santiago of Chile (USACH).</subfield>
   </datafield>
   <datafield ind2=" " ind1=" " tag="520">
      <subfield code="a">Postprint (published version)</subfield>
   </datafield>
   <datafield tag="653" ind2=" " ind1=" ">
      <subfield code="a">Àrees temàtiques de la UPC::Enginyeria civil::Infraestructures i modelització dels transports::Transport urbà</subfield>
   </datafield>
   <datafield tag="653" ind2=" " ind1=" ">
      <subfield code="a">Urban transportation--Chile--Santiago</subfield>
   </datafield>
   <datafield tag="653" ind2=" " ind1=" ">
      <subfield code="a">Network design</subfield>
   </datafield>
   <datafield tag="653" ind2=" " ind1=" ">
      <subfield code="a">Subway</subfield>
   </datafield>
   <datafield tag="653" ind2=" " ind1=" ">
      <subfield code="a">Continuous approximation</subfield>
   </datafield>
   <datafield tag="653" ind2=" " ind1=" ">
      <subfield code="a">Concentric city</subfield>
   </datafield>
   <datafield tag="653" ind2=" " ind1=" ">
      <subfield code="a">Santiago</subfield>
   </datafield>
   <datafield tag="653" ind2=" " ind1=" ">
      <subfield code="a">Chile</subfield>
   </datafield>
   <datafield tag="653" ind2=" " ind1=" ">
      <subfield code="a">Transport urbà -- Amèrica Llatina</subfield>
   </datafield>
   <datafield ind2="0" ind1="0" tag="245">
      <subfield code="a">Spatial analysis of public transportation infrastructure in Santiago, Chile, using the continuous approximation method</subfield>
   </datafield>
</record></metadata></record></GetRecord></OAI-PMH>